ბათუმის შოთა რუსთაველის სახელმწიფო უნივერსიტეტის ბიბლიოთეკა

First Aid for the USMLE Step 1 : (ბიბ.ჩანაწერი № 58498)

000 -LEADER
fixed length control field 00754nam a22002057a 4500
005 - DATE AND TIME OF LATEST TRANSACTION
control field 20221105215849.0
008 - FIXED-LENGTH DATA ELEMENTS--GENERAL INFORMATION
fixed length control field 220428s2017 enk||||| |||| 00| 0 eng d
020 ## - INTERNATIONAL STANDARD BOOK NUMBER
International Standard Book Number 9781259837630 1
041 ## - LANGUAGE CODE
Language code of text/sound track or separate title eng
080 ## - UNIVERSAL DECIMAL CLASSIFICATION NUMBER
Universal Decimal Classification number 61 F-56
245 ## - TITLE STATEMENT
Title First Aid for the USMLE Step 1 :
Remainder of title 2017 a student-to-student guide /
Statement of responsibility, etc. Tao Le, Vikas Bhushan, Matthew Sochat, Yash Chavda, Mehboob Kalani, Kimberly Kallianos, Andrew Zureick.
264 ## - PRODUCTION, PUBLICATION, DISTRIBUTION, MANUFACTURE, AND COPYRIGHT NOTICE
Place of production, publication, distribution, manufacture New York,
Date of production, publication, distribution, manufacture, or copyright notice 2017.
300 ## - PHYSICAL DESCRIPTION
Extent 776 p.
Other physical details ill.
Dimensions 28 cm.
653 ## - INDEX TERM--UNCONTROLLED
keyword First Aid for the USMLE Step 1
653 ## - INDEX TERM--UNCONTROLLED
keyword მედიცინა
700 ## - ADDED ENTRY--PERSONAL NAME
Personal name Le, Tao
Relator term ავტორი
9 (RLIN) 13689
700 ## - ADDED ENTRY--PERSONAL NAME
Personal name Bhushan, Vikas
Relator term ავტორი
9 (RLIN) 8781
700 ## - ADDED ENTRY--PERSONAL NAME
Personal name Sochat, Matthew
Relator term ავტორი
9 (RLIN) 13690
942 ## - ADDED ENTRY ELEMENTS (KOHA)
Source of classification or shelving scheme
Koha item type წიგნი
ეგზემპლარები
Withdrawn status Lost status Source of classification or shelving scheme Damaged status Not for loan Permanent Location Current Location Shelving location Date acquired Cost, normal purchase price Full call number Barcode Date last seen Copy number Price effective from Koha item type Public note
          ბათუმის შოთა რუსთაველის სახელმწიფო უნივერსიტეტის მთავარი ბიბლიოთეკა ბათუმის შოთა რუსთაველის სახელმწიფო უნივერსიტეტის მთავარი ბიბლიოთეკა წიგნსაცავი 2022-04-28 50.00 61 F-56 62327 2022-04-28 62327 2022-04-28 წიგნი 50 ლ.